| 000 | 00794nam a22002177a 4500 | ||
|---|---|---|---|
| 999 |
_c10810 _d10810 |
||
| 003 | AR-CdUCM | ||
| 008 | 190402b ||||| |||| 00| 0 spa d | ||
| 040 |
_aMUNICIPALIDAD PROVINCIAL DEL CUSCO _cBIBLIOTECA MUNICIPAL DEL CUSCO |
||
| 082 |
_a985.019 / _bG92 |
||
| 100 |
_aGuillen, Edmundo _96425 |
||
| 245 | _aHuascar, Inca trágico / | ||
| 260 |
_aLima : _bPopulibros Peruanos. |
||
| 300 |
_a77 páginas ; _c16 cm. |
||
| 505 | _aContenido: Thupa Kusi Wallpa, el príncipe electo -- La muerte de Huayna Capac y la supuesta división del Imperio -- la coronación de Thupa Kusi Wallpaq --El imperio de Huascar Inca ... | ||
| 650 |
_aBiografías históricas _96252 |
||
| 650 |
_aPerú _935 |
||
| 650 |
_aHuascar _94981 |
||
| 650 |
_aAtahuallpa _99203 |
||
| 942 |
_2ddc _cLIBROS |
||
| 945 | _aachl | ||